000 01226cam a2200349 i 4500
001 21557
003 OSt
005 20250703125303.0
008 750602s1975 dcua b 000 0 eng
010 _a 75619168
020 _c$5.20 (pbk.)
_a9789697121489
035 _a342407
040 _aDLC
_cDLC
_dDLC
043 _aa-pk---
050 0 0 _aGN1
_b.S54 no. 21
_aGN635.P27
082 0 0 _a709.54 LOT
_223
_b21557
086 0 _aSI 1.33:21
100 1 _aRye, Owen S.
245 1 0 _aTraditional pottery techniques of Pakistan :
_bfield and laboratory studies /
_cOwen S. Rye and Clifford Evans.
260 _aWashington :
_bSmithsonian Institution Press : for sale by the Supt. of Docs., U.S. Govt. Print. Off.,
_c1976.
300 _axviii, 283 p. :
_bill. ;
_c30 cm.
336 _atext
_btxt
_2rdacontent
337 _aunmediated
_bn
_2rdamedia
338 _avolume
_bnc
_2rdacarrier
440 0 _aSmithsonian contributions to anthropology ;
_vno. 21
504 _aBibliography: p. 198-199.
650 0 _aPottery
_zPakistan.
700 1 _aEvans, Clifford,
_d1920-1981
_ejoint author.
906 _a7
_bcbc
_corignew
_d1
_encip
_f19
_gy-gencatlg
942 _2ddc
_cREF
_n0
999 _c15221
_d15221